Effective teacher development : theory and practice in professional learning
| Main Author: | |
|---|---|
| Format: | Unknown |
| Published: |
Bloomsbury Academic,
|
| LEADER | 00270 a2200097 4500 | ||
|---|---|---|---|
| 020 | |a 9781474231855 | ||
| 100 | |a Bob Burstow. |9 60727 | ||
| 245 | |a Effective teacher development : theory and practice in professional learning | ||
| 260 | |b Bloomsbury Academic, | ||
| 942 | |c BK | ||
| 999 | |c 47952 |d 47952 | ||